000 00752nam a2200241 a 4500
001 43151
003 BD-RjUL
005 20211209053644.0
008 720927s1952 xx a 001 0 eng
035 _a(BD-RjUL)43269
040 _aDLC
_cODaWU
_dBD-RjUL
_beng
041 _aeng
082 _223
_a331.880973
_bLEL 1952
100 1 _aLeiter, Robert D.
_d1922-
_9132516
245 1 0 _aLabor problems and trade unionism /
_cRobert D. Leiter
260 _aNew York :
_bBarnes & Noble,
_cc1952
300 _axvi, 320 p. :
_bill. ;
_c22 cm.
500 _aIncludes index.
650 0 _aLabor and laboring classes
_zUnited States.
_9132518
650 0 _aLabor unions
_zUnited States.
_9131469
942 _2ddc
_cBK
999 _c43151
_d43151